Americas Capitals #1 - Statistics

General Stats
  • This quiz has been taken 63 times
  • The average score is 11 of 12
Answer Stats
Continent Country Answer % Correct
Cuba Havana
100%
Mexico Mexico City
100%
North Panama Panama City
100%
Bolivia La Paz
93%
Chile Santiago
93%
Honduras Tegucigalpa
93%
Venezuela Caracus
89%
Guatemala Guatemala City
89%
Nicaragua Managua
89%
Haiti Port au Prince
89%
South Paraguay Asuncion
81%
Grenada Saint Georges
63%
No matching quizzes found
Score Distribution
Percent of People with Each Score
Percentile by Number Answered
Your Score History
You have not taken this quiz